Башкирия в русской литературе. Т. 7 (Запись № 13534993)

Подробности
000 -МАРКЕР
контрольное поле 02292nam2a2200301 4500
001 - ИДЕНТИФИКАТОР ЗАПИСИ
контрольное поле RU\NLR\BIBL_A\022704697
005 - ИДЕНТИФИКАТОР ВЕРСИИ
контрольное поле 20260216174814.0
010 ## - МЕЖДУНАРОДНЫЙ СТАНДАРТНЫЙ НОМЕР КНИГИ (ISBN)
Номер (ISBN) 978-5-295-08238-2
Тираж 500
021 ## - НОМЕР ГОСУДАРСТВЕННОЙ РЕГИСТРАЦИИ
Код страны Российская Федерация
Номер КН-П-25-072019
Номер Листа государственной регистраци КН-П-25-6977
035 ## - ДРУГИЕ СИСТЕМНЫЕ НОМЕРА
Идентификатор записи (NLR Aleph) 022704697
100 ## - ДАННЫЕ ОБЩЕЙ ОБРАБОТКИ
Данные общей обработки 20260120d2025 u y0rusy50 ca
101 0# - ЯЗЫК РЕСУРСА
Язык текста, звукозаписи и т.д. русский
102 ## - СТРАНА ПУБЛИКАЦИИ ИЛИ ПРОИЗВОДСТВА
Страна публикации Российская Федерация
105 ## - ПОЛЕ КОДИРОВАННЫХ ДАННЫХ: ТЕКСТОВЫЕ МАТЕРИАЛЫ, МОНОГРАФИЧЕСКИЕ
Кодированные данные о монографическом текстовом документе y z 000zy
200 0# - ЗАГЛАВИЕ И СВЕДЕНИЯ ОБ ОТВЕТСТВЕННОСТИ
Основное заглавие Т. 7
Сведения, относящиеся к заглавию в семи томах
-- сборник произведений русских писателей конце ХХ–XXI в. о башкирском крае
Первые сведения об ответственности составление, предисловие, биографические справки, комментарии и библиография И. Г. Кульсариной и Е. Р. Рахимкулова
Последующие сведения об ответственности редакционная коллегия: А. Г. Баймухамедов [и др.]
210 ## - ПУБЛИКАЦИЯ, РАСПРОСТРАНЕНИЕ И ДР.
Место издания, распространения и т.д. Уфа
Имя издателя, распространителя и т. д. Китап
Дата издания, распространения и т.д. 2025
215 ## - ФИЗИЧЕСКАЯ ХАРАКТЕРИСТИКА
Специфическое обозначение материала и объем 622, [1] с.
300 ## - ОБЩИЕ ПРИМЕЧАНИЯ
Текст примечания На обороте тит. с.: К 100-летнему юбилею основоположника антологии М. Г. Рахимкулова
320 ## - ПРИМЕЧАНИЯ О НАЛИЧИИ В ДОКУМЕНТЕ БИБЛИОГРАФИИ / УКАЗАТЕЛЯ
Текст примечания Библиогр.: с. 613–618, в тексте коммент. и в подстроч. примеч.
327 1# - ПРИМЕЧАНИЯ О СОДЕРЖАНИИ
Текст примечания Содерж. авт.: К. В. Андрианова-Книга, Э. А. Байков, В. А. Богданов, С. В. Вахитов, А. Ю. Генатулин, В. О. Глуховцев, А. И. Самойлов, Г. И. Горельников, Ю. А. Горюхин [и др.]
461 #0 - УРОВЕНЬ НАБОРА
Встроенное поле 001rc\300347
-- 2001#$aБашкирия в русской литературе$e[Сборник$eВ 6 т.$fСост. и авт. предисл., с. 5-22, М.Г. Рахимкулов]$vТ. 7
Системный номер (АБИС) связанной записи 7827630
Место публикации Уфа
Дата публикации 1989-2025
Первые сведения об ответственности Сост. и авт. предисл., с. 5-22, М.Г. Рахимкулов]
Имя издателя, распространителя и т.д. Башк. кн. изд-во
Сведения, относящиеся к заглавию [Сборник : В 6 т.
Заглавие Башкирия в русской литературе
Номер тома Т. 7
702 #1 - ИМЯ ЛИЦА - ВТОРИЧНАЯ ОТВЕТСТВЕННОСТЬ
Начальный элемент ввода Кульсарина
Часть имени, кроме начального элемента ввода И. Г.
Даты 1974-
Расширение инициалов личного имени Ирена Галинуровна
Код отношения Составитель
-- Автор введения, предисловия, примечания и т.п.
702 #1 - ИМЯ ЛИЦА - ВТОРИЧНАЯ ОТВЕТСТВЕННОСТЬ
Код отношения Редактор
Графика поля Кириллица
Материалы, к которым относится поле rus
Начальный элемент ввода Баймухаметов
Часть имени, кроме начального элемента ввода А. Г.
Даты 1988-
Расширение инициалов личного имени Айгиз Гиззатович
Системный номер авторитетной/нормативной записи 152349
Идентификатор авторитетной/нормативной записи RU\NLR\AUTH\770152387
942 ## - ДОПОЛНИТЕЛЬНЫЕ ЭЛЕМЕНТЫ ЗАПИСИ (АБИС)
Тип экземпляра АБИС Книга
980 ## - КОЛЛЕКЦИЯ
Название коллекции Национальная библиография

Нет доступных экземпляров.